Statistiques concernant La carrière des joueurs du top 16 NA et EU (Reg 3) sur rocket league

Cliquez ici pour prendre le quiz!

Statistiques générales

  • Ce quiz a été pris 80 fois
  • Le résultat moyen est 17 sur 96

Statistiques - réponses

IndiceRéponse% Correct
Mock-it eSports, Gale Force Esports, Dignitas, Team Vitality, SolaryKaydop
93%
ZentoX, FC Barcelona, Vodafone Giants, Karmine CorpItachi
59%
Glory4Builders, Magnolia, Team Queso, Moist Esports, Karmine CorpVatira
59%
Savage!, FC Barcelona, TSM, Team VitalityAlpha54
53%
Keep calm and improve, CALIENTE, Atlantide Wave, Williams Resolve, Team VitalityRadosin
53%
Glory4Builders, Team Vitalityzen
53%
V3 Esports, Team MCES, Block Block, Solary, Les Coquilles, TrainHard Esport, SMPR Esports, Karmine CorpExoTiiK
52%
Glory4builders, Endpoint Cex, Team BDSSeikoo
50%
BigStizzy, Esport Begg, Team LiquidAtow
45%
Xylaga, Luminance, Mock-It eSports, GuessWho, Team Vitality, SolaryFairy Peak!
45%
Chronix, Vendetta, Iris, The Muffin Men, Cloud9, NRGSquishy
40%
Upper 90 Esports, Ghost Gaming, Rogue, FaZe ClanFirstkiller
36%
Howard, Magnolia, Team Queso, Moist EsportsJoyo
36%
Team LiquidOski
36%
VoiD, MINKZ, Opp Block, Barrage Esports, Sauce Squad, Triple Trouble, Illusion, Magnolia, Team Queso, Moist Esports, Oxygen Esports, Team BDSrise.
34%
Stormtroopers, Rix.GG, Dignitas, Stormtroopers, Gen.G Mobil1 RacingApparentlyJack
29%
Jungle Juicers, Northway, 140G, Juicers, HEET, Moist Esportsjuicy
29%
Intellectuals, Comrade Gaming EU, Notorious Legion Esports, Ankward Turtles, Notorious Legion Esports, Ankward Turtles, AS Monaco, Fadeaway, Los Amigos, Nameseekers, Redemption, RIX.GG, Monkeys, Misfits Gaming, Goldbridge Ball, Quadrant, Moist EsportsKash
29%
Ghost Gaming, Vanguard, Team Envy, G2 EsportsAtomic
28%
Kansas City Pioneers, Shopify Rebellion, Version1BeastMode
28%
Gale Force eSports, PSG esports, Team Reciprocity, Oxygen esports, Solary, SMPR Esports, SolaryChausette45
28%
Spacestation Gaming, Version1Daniel
28%
Out of style, NRGJstn
28%
Spacestation GamingArsenal
26%
Afterthought, Birds and The Beezs, The Peeps, Pittsburgh KNights, Knights, Ghost Gaming, Vanguard, Team Envy, Optic Gaming, FaZe Clanmist
26%
Mock-It eSports, Team Vitality, Filles, Guild Esports, Team Singularity, Dignitas, SK Gaming, Hogan ModeScrub Killa
26%
Team Shazoo, 300 IQ BallChasers, Stealth7 eSports, Coolio, Godmilla's Team, BS+COMPETITION, Team LiquidAcroniK
24%
Little Giants, Dead Rabbits, White Demons, FC Barcelone, Guild Esports, Complexity Gamingcrr
24%
Turbulence, VexX Gaming, Eanix, Exode, Orbit eSports, NRGGarrettG
24%
Afterthought, Birds, eUnited, XSET, Ghost Gaming, Spacestation gamingHockser
24%
ZeNoMoon, Scooby Snacks, ZeNoMoon, BitterSweet, Flomp Resont, Team Singularity, Guild esports, Karmine Corp, Stormtroopers, Gen.G Mobil1 Racingnoly
24%
Bread, Spacestation Gaming, FaZe ClanSypical
24%
Upper90 Esports, Stromboli, The Rejects, ostyn, Randoms, Stormtroopers, Gen.G Mobil1 RacingChronic
22%
Lucky Bounce, Momentum, Selfless Gaming, G2 esportsJKnaps
22%
Oxey Team, AION Esports, True Neutral, Complexity GamingReysbull
22%
Applesauce, Fibeon eSports, Applesauce, Team Dignitas, Evil Geniuses, G2 EsportsChicago
21%
Bull Send, Monkey Business, Adept, Version1comm
21%
Austrian Force, Bremen eSports, Glacial, Die Flamongos, KCI, German Amigos, Evil Geniuses, German Amigos, PSG Tundraivn.
17%
The D00ds, Honduras, The Peeps, Pittsburgh Knights, Spacestation Gaming, Optic GamingRetals
17%
White Demons, FC Barcelona, Triple Trouble, Pepepitos Canyons, Guild Esports, ARG, G1DORITO
16%
Chromax, Heartless, Ruby, Elevate, Chromax, The Club, FURIA EsportsLostt
16%
Monos, Three Point Shooters, True Neutral, Complexity Gamingajg
14%
Private eSports, Class on Grass, The Clappers, Top Blokes, SMPR Esports, Endpoint CeX, Oxygen Esportsarchie
14%
Dead Rabbits, Galaxy Bang, Magnifico, Team Queso, Vodafone Giants, Giants Gaming, TEA, Luminosity Gaming, ARG, G1AtomiK
14%
Stealth7 Esports, VENC Gaming, TrainHard Esports, KCI, German Amigos, Evil Geniuses, German Amigos, PSG TundraCatalysm
14%
Intellectuals, may contain nuts, Aeriality, egirls, We Dem Girlz, Triple Trouble, Ankward Turtles, Monkeys, Galaxy Racer, Aether, SK Gaming, TEA, Luminosity Gaming, Goldbrige Ball, Quadrant, Oxygen Esportseekso
14%
The Clappers, Dignitas, Oxygen EsportsJoreuz
14%
Jamal Jabary, BoSF Esports, Jamal Jabary, Oxygen Esports, Spacestation GamingLJ
14%
Game Fist, Goskilla, W2D, Shaky, Opp Block, Barrages Esports, Wolves Esports, The Flying Dutchmen, Heroic, suhhh, Solary, Oxygen Esports, G1oaly.
14%
Lowkey Esports, Novus Aevi, Ellevens Esports, Novus Aevi, FURIA Esportscaard
10%
Magnolia, Ownage, Pikete Galactico, Salami, Nameseekers, FUFAXDOP, zoom zoom, Sector One, Oxygen Gaming, Jalada, FUFAXDOPcarca
10%
High Voltage, Mustu Fluck, the Odyssey, Ocean Dwellers, Stoinkers, Monkeys, Soniqs, Monkeys, Luna GalaxySmokez
10%
Randoms, Shopify Rebellion2Piece
9%
Guppies, G2 Esports, Team Envy, Optic Gaming, Dignitasdreaz
9%
ZeNoMoon, Scooby Snacks, ZeNoMoon, ARG, Team BDSM0nkey M00n
9%
The Last Resort, SWAG, Team Singularity, rehzzycarry, Wolves Esports, useless, with my egirls, Egoists, Hogan Moderehzzy
9%
Yikers, RDC Espanyol, Stonkers, VENC Gaming, Canyons, Vodafone Giants, Solary, Aether, SK Gaming, TEA, Luminosity Gaming, Evil Geniuses, German Amigos, PSG TundraTox
9%
Fly Quest, Rogue, Pittsburgh Knights, The Peeps, FaZe Clan, Optic GamingAYYJAYY
7%
XSET, DignitasEvoh
7%
Aeriality, Team Secret, Melon Squad, Veloce Esports, Top Blokes, 00 Nation DNB RAHHHHHHHH, Williams ResolveFlamE
7%
No Horizon, Alpha AF, Pepepitos Canyons, Dynasty, DGT, Turboclappers, MuchDelight, FUFAXDOPLASA
7%
Affinity, Omni Nation, Affinity, Alpine Esports, Torrent, Optic GamingMaJicBear
7%
Affinity, Avidity Esports, Affinity, Omni Nation, Affinity, Alpine Esports XSET, M80percy
7%
Stealth7 Esports, GameUp, Team Eternity, Dumno Chef, Die Flamongos, Esports BERG, Stealth7 Esports, Euronics Gaming, Irie Legacy, BS+COMPETION, Stealth7 Esports, Morekats Gaming, Top Blokes, Tundra, Monkeys, Luna GalaxyRezears
7%
Wright Light, Locusts, Rebel, FURIA Esportsyanxnz
7%
Simp Central, Rogue, KOI, G LeagueAqua
5%
Team Singularity, Intellectuals, First Picks, excel Esports, Childish Gambimbam, Juveniles, We Dem Girlz, Girls, Team Singularity, 00 Nation DNB, RAHHHHHHHH, Williams ResolveBreezi
5%
Frakture, Gentlemen, Integrity Esports,Gentelemen, Knightsn, KOICHEESE.
5%
Iris, The Muffin Men, Cloud9, Rat Enterprises, Version1, Oxygen Esports, Team AXLEgimmick
5%
The sbire of Kuxir, AF Alpha, Hogan Mode
Growlii
5%
72PC, Omelette, Ghost Gaming, Northwood (M80), Luminosity Gaming, M80LionBlaze
5%
Spacestation Gaming, Ghost Gaming, Flight, eUnited, Kansas City Pioneers, Shopify Rebellionmemory
5%
Narnina, Sol, Top Leh, Shopify RebellionPaarth
5%
mCon esports, Dutch Bim Bam, Flomp Resont, Team Singularity, Guild Esports, The Flying Dutchmen, Heroic, Stormtroopers, suhhh, Solary, Finished Dutchman, Soniqs, suhhhThO.
5%
Team Frontline, Stromboli, Loco, Team Frontline, Loco, Charlotte Phoenix, Soniqs, DignitasAndy
3%
Chicos Grandes, Turboclappers, Monaco EsportsDying
3%
140 BPM, WOO, Homyno, Solary, Juicers, HEET, FUFAXDOPForece
3%
Godalions, Blasters, BS+COMPETITION, Guild EsportsGomb
3%
The Peeps, Piitsburgh Knights, FaZe Clan, Rogue, KOIGyro.
3%
mCon esports, Dutch Bim Bam, 1 Bim 2 Bam, Class on Grass, RJM, Libertas, Redemption, Rix.GG, suhhh, Solary, Finished Dutchman, Soniqs, suhhhMikeboy
3%
Team Echo Zulu, Ankward Turtles, Notorious Legion Esports, Ankward Turtles, Monkeys, Galaxy Racer, Monkeys, Misfits Gaming, Monkeys, Soniqs, Luna GalaxyMittaen
3%
Big Stizzy, Alpha AF, Tsunami, Stealth7 Esports, Pikete Galactico, Aogiri, Monaco EsportsStizzy
3%
mCon Esports Rotterdam, Precipitation, GigaGuys, WYLDE, HATRIKI EN BERNABEL, Guild Esportsaccro
2%
Manhattan, Avocado, LSU (Sup), Birds, eUnited, Team AXLE, Supayjacks
2%
Team Singularity, 00 Nation DNB, Turboclappers, MuchDelight, suhhhhibbs
2%
Absolute Leverage, 2008 Toyota Corolla, Valence, Pittsburgh Knights, Stromboli, Alpine Esports, Torrent, Luminosity Gaming, M80Kinseh
2%
Dead Rabbits, Little Giants, SUPRMODE Gaming, Servette Geneva Esports, Edelweiss, Esports, Wolves Esports, WOO, Magnifico, Poco Asfalto, Fadeaway, Natus Vincere, HATRIKI EN BERNABEL, Guild EsportsLuiisP
2%
Sup, Team Meteor, Sup, RBG Esports, Sup, eUnited, 26 RISING, Ghost Gaming, Supmoney
2%
Prestige Esports, Team .EXE, Speakeasy, Randoms, Sol, KOI, G Leaguenight.
2%
mCon Rotterdam Black, GigaGuys, Heroic, WE TRY WIN, RAHHHHHHHH, Williams Resolvenoahsaki
2%
Inspriration, Illuminar Gaming, The Clappers, Method, Underwater Squad, Three of a Kind, Nameless, Fadeaway, Redemption, Rix.GG, Stormtroopers, iets, Aogiri, Monaco EsportsOscillon
2%
Defiant, Pittsburgh Embers, Linked Up, Avidity Esports, Plot Twist, Knights, KOIsosa
2%
Mirage Sport Electronique, Plot Twist, Chaos Esports Club, Plot Twist, Rogue, Boulevard, Team AXLETaroco
2%
Cheese, Jamal Jabary, BoSF Esports, Jamal Jabary, Oxygen Esports, Team AXLEToastie
2%
Sup, Team Meteor, Sup, Sol, Volt Esports, ostyn, RBG Esports, Sup, Scuzz Esports, 26 RISING, Ghost Gaming, Supxpurt
2%
Catastrophe, Monkey Business, Square 1, RBG Esports, Sup, Torrent, DarkZero, Knights, G LeagueZineel
2%

Distribution des résultats

Percentile par nombre de réponses

% des personnes avec chaque résultat

Votre développement - résultats

Vous n’avez pas pris ce quiz